000 00333nam a22001457a 4500
003 OSt
008 250529b |||||||| |||| 00| 0 eng d
100 _aVIDALANKAR, Acharya Abhyadev
245 _aVedic Vinay
250 _a1st
260 _aNew Delhi
_bArya Prakashan
_c2021
300 _a512
650 _aGeneral
942 _2ddc
_cBK
999 _c13620
_d13620